Afrikaanse landen en hoofdsteden. - Statistieken

Algemene statistieken
  • Deze quiz is 306 keer genomen
  • De gemiddelde score is 10 van 12
Antwoorden op de kaart
Antwoorden kleurgecodeerd door een groen-rode schaal op de quizkaart volgens % correct hieronder.
 
Antwoordstatistieken
Antwoord % Correct
Cairo
94%
Democratische Republiek Kongo
92%
Egypte
90%
Madagaskar
90%
Marokko
90%
Zuid-Afrika
88%
Ethiopië
84%
Kenia
82%
Nigeria
82%
Sudan
82%
Kaapstad
76%
Tanzania
69%
Geen overeenkomende quizzen gevonden
Scoreverdeling
Procent van Mensen met Elke Score
Percentiel versus Aantal Correcte Antwoorden
Uw Scoregeschiedenis
U heeft deze quiz nog niet genomen